000 01548nam0a22003011 4500
001 rc\4887219
005 20250613030702.0
021 _aRU
_b[65-73187]
035 _a(NLR Aleph) 008920097
090 _a8818622
_c8818622
100 _a20130426d1965 |||y0rusy50 ca
101 0 _arus
102 _aRU
105 _aa z |||||
200 1 _aОпыт определения твердости и абразивности горных пород
_eИнструкция
_fСост. проф. д-р техн. наук М.М. Протодьяконов, кандидаты техн. наук В.И. Карпов, В.Л. Долгов
_gИн-т горного дела им. А.А. Скочинского. Лаборатория исследования физ.-мех. свойств горных пород
210 _aМосква
_cБ. и.
_d1965
215 _a25 с.
_cчерт.
_d21
320 _aБиблиогр. в конце книги (10 назв.)
606 _aГорные породы
_xТвердость
_xОпределение
_2psbo
606 _aГорные породы
_xАбразивность
_xОпределение
_2psbo
702 1 _aКарпов
_bВ.И.
_4220
702 1 _aДолгов
_bВ.Л.
_4220
702 1 _4220
_7ca
_8rus
_aПротодьяконов
_bМ. М.
_cмл.
_cд-р техн. наук, горные машины
_f1911-1987
_gМихаил Михайлович
_9237037
_3RU\NLR\AUTH\770237093
801 0 _aRU
_bNLR
_gpsbo
801 1 _aRU
_bELAR
_2rusmarc
852 _aNLR
_j65-6/11732
942 _cBOOK
980 _aNB